00962nam a2200229 a 4500001001000000003000500010005001700015008004100032010001100073011001100084040000900095100003800104245019100142260004100333500006000374502012000434650002900554650003700583650002600620856001600646856007000662000113921CHAP20220329144419.0171006s2017 mx sm |||||||spa d a110382 a111354 cCHAP1 aBarrera Villanueva, Irene Mariana10aHuella hídrica y productividad del suelo, capital y trabajo en el cultivo de nogal (Carya illinoensis) en Francisco I. Madero, Coahuila.h[En línea]cIrene Mariana Brrera Villanueva. aChapingo, Méx. :bEl autor,c2017. aPara ver el contenido del material haga clic en la liga aTesis (Ing. Agr. en Sistemas Agrícolas de Zonas Áridas) -- UACH. Unidad Reginal Universitaria de Zonas Áridas14aPecánxAgua requerida.14aPecánxCostos de producción.14aPecánxRendimiento. a1 n0000777 aFinding aiduhttp://10.13.5.2/tesis/sist113921.pdfzTeclea aquí